00930cam a22002893a 450000100090000000300050000900500170001400800410003101000170007202000310008903500230012004000250014304200140016805000210018210000160020324500420021926000410026130000240030244000250032649000220035165000210037365100400039465500320043465500250046671000620049185600870055313246207PILC20160104112258.0020725s2002 nyu j 000 1 eng d a 2002090319 a0060005521 (pbk.) :c$4.99 a(OCoLC)ocm50240502 aEOWcEOWdOCLCQdDLC alccopycat aPZ 7b.C116 20021 aCabot, Meg.10aNicola and the Viscount /cMeg Cabot. aNew York, N.Y. :bAvon Books,c2002. a261 pages ;c18 cm. 2aAn Avon true romance0 aAvon teen fiction 0aRomance fiction. 0aLondon (England)vJuvenile fiction. 7aYoung adult fiction.2gsafd 7aLove stories.2gsafd2 aCopyright Paperback Collection (Library of Congress)5DLC423Publisher descriptionuhttp://www.loc.gov/catdir/description/hc043/2002090319.html